00395nam a2200157 a 4500001000400000003000900004008004100013040002800054082002000082100002000102245002500122260003100147300001500178490001900193650002500212533CO-ViMGA141112s2004 ck r 000 u spa d aCO-ViMGAbspacCO-ViMGA04aBr 863.44 K352a1 aKendall, Sarita10aAl rescate de Omacha aBogotá : bNorma, c1996 a175 p : il aTorre de papel14aCUENTOS BRASILEÑOS